| 000 | 00406nam a2200181Ia 4500 | ||
|---|---|---|---|
| 001 | 419 | ||
| 005 | 20260306140516.0 | ||
| 008 | 260306t2007||||xx |||||||||||||| ||spa|| | ||
| 041 | _aESP | ||
| 082 |
_a111.84 _bF366 |
||
| 100 |
_aFoot, Philippa _eAUT |
||
| 245 | 0 | _aLa natura del bene | |
| 260 | _c2007 | ||
| 300 |
_a154 páginas : _c20 cm. |
||
| 650 | _aGEN | ||
| 654 | _aCHU | ||
| 942 |
_cLIB _dJUS _fJUS _2ddc _n |
||
| 999 |
_c419 _d419 |
||